Fundamentos teóricos del conflicto social / (Record no. 19281)

MARC details
000 -LEADER
campo de control de longitud fija 00729nam a2200241 i 4500
001 - NÚMERO DE CONTROL
campo de control 19281
003 - IDENTIFICADOR DE NÚMERO DE CONTROL
campo de control ES-MaACL
005 - FECHA Y HORA DE LA ÚLTIMA TRANSACCIÓN
campo de control 20230906152047.0
007 - CAMPO FIJO DE DESCRIPCIÓN FÍSICA--INFORMACIÓN GENERAL
campo de control de longitud fija t|
008 - DATOS DE LONGITUD FIJA--INFORMACIÓN GENERAL
campo de control de longitud fija 020611s2001 sp ||||1| spa d
020 ## - NÚMERO INTERNACIONAL ESTÁNDAR DEL LIBRO
Número Internacional Estándar del Libro 84-323-1072-7
080 ## - NÚMERO DE LA CLASIFICACIÓN DECIMAL UNIVERSAL
Número de la Clasificación Decimal Universal 316.48
100 1# - ENTRADA PRINCIPAL--NOMBRE DE PERSONA
Nombre de persona Lorenzo Cadarso, Pedro L.
9 (RLIN) 74175
245 10 - MENCIÓN DEL TÍTULO
Título Fundamentos teóricos del conflicto social /
Mención de responsabilidad, etc. por Pedro Luis Lorenzo Cadarso.
250 ## - MENCION DE EDICION
Mención de edición 1ª ed. en castellano.
260 ## - PUBLICACIÓN, DISTRIBUCIÓN, ETC.
Lugar de publicación, distribución, etc. Madrid :
Nombre del editor, distribuidor, etc. Siglo XXI de España,
Fecha de publicación, distribución, etc. 2001.
300 ## - DESCRIPCIÓN FÍSICA
Extensión VII, 272 p. ;
Dimensiones 21 cm.
490 1# - MENCIÓN DE SERIE
Mención de serie Sociología y política
650 14 - PUNTO DE ACCESO ADICIONAL DE MATERIA--TÉRMINO DE MATERIA
Término de materia o nombre geográfico como elemento de entrada Conflicto social.
9 (RLIN) 177438
830 0# - PUNTO DE ACCESO ADICIONAL DE SERIE-TÍTULO UNIFORME
Título uniforme Sociología y política
9 (RLIN) 178818
852 ## - LOCALIZACIÓN
Ubicación ES-MaACL
Número de control de estantería L-25717
Sublocalización o colección R.131187
Holdings
Estatus retirado Estado de pérdida Estado de daño No para préstamo Biblioteca de origen Biblioteca actual Ubicación en estantería Fecha de adquisición Fuente de adquisición Total de préstamos Signatura topográfica completa Código de barras Visto por última vez Precio de reemplazo Tipo de ítem Koha
        Biblioteca del Ateneo de Madrid Biblioteca del Ateneo de Madrid Depósito 2 17/01/2008     L-25717 1019728 23/02/2023 23/02/2023 Libro impreso